| 000 | 00470nam a2200169 i 4500 | ||
|---|---|---|---|
| 001 | 168435 | ||
| 003 | ES-MaACL | ||
| 005 | 20230906213807.0 | ||
| 008 | 080409s2008 sp |||| | spa d | ||
| 020 | _a978-84-270-3421-1 | ||
| 080 | _a821.134.2-31"20" | ||
| 100 | 1 |
_aMonclús Estella, Antonio. _982132 |
|
| 245 | 1 | 0 |
_aJaque a la logia / _cAntonio Monclús. |
| 260 |
_aMadrid : _bMartínez Roca, _c2008. |
||
| 300 |
_a414 p. ; _c24 cm. |
||
| 852 |
_aES-MaACL _jL-29345 |
||
| 999 |
_c168435 _d168435 |
||